|
|
|
|
| LEADER |
00000naa2a2200000 4500 |
| 001 |
218304 |
| 005 |
20260127142313.0 |
| 035 |
|
|
|a (RuTPU)RU\TPU\book\238324
|
| 035 |
|
|
|a RU\TPU\book\238308
|
| 090 |
|
|
|a 218304
|
| 100 |
|
|
|a 20120619d2004 k y0rusy50 ca
|
| 101 |
0 |
|
|a rus
|
| 102 |
|
|
|a RU
|
| 135 |
|
|
|a drnn ---uucaa
|
| 181 |
|
0 |
|a i
|
| 182 |
|
0 |
|a b
|
| 200 |
1 |
|
|a Исследование структур ферментсубстратных комплексов аденозина и его 2-, 3-, и 5 -замещённых рибоаналогов с аденозиндезаминазой млекопитающих методами компьютерной химии
|f Д. В. Миргородский, Ю. П. Зарубин, П. П. Пурыгин
|
| 203 |
|
|
|a Текст
|c электронный
|
| 215 |
|
|
|a 1 файл ( 331 Кб)
|
| 300 |
|
|
|a Заглавие с титульного листа
|
| 300 |
|
|
|a Электронная версия печатной публикации
|
| 337 |
|
|
|a Adobe Reader
|
| 463 |
|
1 |
|0 (RuTPU)RU\TPU\book\74583
|t Химия и химическая технология на рубеже тысячелетий
|o материалы III Всероссийской научной конференции, Томск, 2-4 сентября 2004 г.
|f Российское химическое общество им. Д. И. Менделеева; Химия и химическая технология на рубеже тысячелетий. Всероссийская научная конференция; Российская Академия естествознания; Администрация Томской области; ООО "Томскнефтехим"; ЗАО "Метанол"; Томский политехнический университет
|v [С. 77-78]
|d 2004
|
| 610 |
1 |
|
|a ферментные препараты
|
| 610 |
1 |
|
|a комплексы
|
| 610 |
1 |
|
|a субстраты
|
| 610 |
1 |
|
|a аденозин
|
| 610 |
1 |
|
|a структура
|
| 610 |
1 |
|
|a исследование
|
| 610 |
1 |
|
|a аденозиндезаминаза
|
| 610 |
1 |
|
|a млекопитающие
|
| 610 |
1 |
|
|a методы исследования
|
| 610 |
1 |
|
|a компьютерная химия
|
| 610 |
1 |
|
|a электронный ресурс
|
| 700 |
|
1 |
|a Миргородский
|b Д. В.
|
| 701 |
|
1 |
|a Зарубин
|b Ю. П.
|
| 701 |
|
1 |
|a Пурыгин
|b П. П.
|
| 801 |
|
1 |
|a RU
|b 63413507
|c 20120529
|
| 801 |
|
2 |
|a RU
|b 63413507
|c 20120619
|g RCR
|
| 856 |
4 |
|
|u http://www.lib.tpu.ru/fulltext/v/Conferences/2004/K01/41061.pdf
|
| 942 |
|
|
|c CF
|